Welcome to CU Library Online Public Access Catalogue (OPAC)

Introduction to Banking/ (Record no. 8942)

MARC details
000 -LEADER
fixed length control field 00569nam a22001937a 4500
005 - DATE AND TIME OF LATEST TRANSACTION
control field 20260311165025.0
008 - FIXED-LENGTH DATA ELEMENTS--GENERAL INFORMATION
fixed length control field 260311b |||||||| |||| 00| 0 eng d
020 ## - INTERNATIONAL STANDARD BOOK NUMBER
International Standard Book Number 9780273718130
050 ## - LIBRARY OF CONGRESS CALL NUMBER
Classification number HG2974
Item number .C375 CAS
100 ## - MAIN ENTRY--PERSONAL NAME
Personal name Casu Barbara
245 ## - TITLE STATEMENT
Title Introduction to Banking/
Statement of responsibility, etc. Barbara Casu, Claudia Girardone & Philip Molyneux
250 ## - EDITION STATEMENT
Edition statement 2nd Ed.
260 ## - PUBLICATION, DISTRIBUTION, ETC.
Place of publication, distribution, etc. Harlow
Name of publisher, distributor, etc. Pearson Education Limited
Date of publication, distribution, etc. 2015
500 ## - GENERAL NOTE
General note Includes Index
650 ## - SUBJECT ADDED ENTRY--TOPICAL TERM
Source of heading or term Banking and Finance
700 ## - ADDED ENTRY--PERSONAL NAME
Personal name Girardone Claudia
700 ## - ADDED ENTRY--PERSONAL NAME
Personal name Molyneux Philip
942 ## - ADDED ENTRY ELEMENTS (KOHA)
Source of classification or shelving scheme Library of Congress Classification
Koha item type Books
Edition 2nd Ed.
Suppress in OPAC No
999 ## -
-- 8942
-- 8942
Holdings
Withdrawn status Lost status Source of classification or shelving scheme Damaged status Not for loan Collection Home library Current library Shelving location Date acquired Total checkouts Full call number Barcode Date last seen Copy number Price effective from Koha item type
    Library of Congress Classification     Non-fiction Business Library (Miotso) Business Library (Miotso) General stacks 03/11/2026   HG2974 .C375 CAS BSSM00002522 03/11/2026 1 03/11/2026 Books
    Library of Congress Classification     Non-fiction Business Library (Miotso) Business Library (Miotso) General stacks 03/11/2026   HG2974 .C375 CAS BSSM00002523 03/11/2026 2 03/11/2026 Books
© 2023-2024 Copyright: Central University Libraries. All Rights Reserved | Created by: Mahone Tech Office